Causas de la Sobrecarga Laboral Docente de la Escuela María Luisa Sepulveda de la comuna de Quilicura del año 2024. (Registro nro. 20323)

MARC details
000 -CABECERA
campo de control de longitud fija 00785nam a22002057a 4500
007 - CAMPO FIJO DE DESCRIPCIÓN FÍSICA--INFORMACIÓN GENERAL
campo de control de longitud fija ta
008 - DATOS DE LONGITUD FIJA--INFORMACIÓN GENERAL
campo de control de longitud fija 150515b xxu||||| mmmm 00| 0 eng d
082 ## - NÚMERO DE LA CLASIFICACIÓN DECIMAL DEWEY
Número de clasificación TES SAN 2026
100 ## - ENTRADA PRINCIPAL--NOMBRE DE PERSONA
Nombre de persona Sánchez Cabello, Hernán Leonardo
9 (RLIN) 35550
245 ## - MENCIÓN DE TÍTULO
Título Causas de la Sobrecarga Laboral Docente de la Escuela María<br/>Luisa Sepulveda de la comuna de Quilicura del año 2024.
260 ## - PUBLICACIÓN, DISTRIBUCIÓN, ETC. (PIE DE IMPRENTA)
Lugar de publicación, distribución, etc. Santiago:
Nombre del editor, distribuidor, etc. Universidad Miguel de Cervantes. Escuela de Trabajo Social
Fecha de publicación, distribución, etc. 2026
300 ## - DESCRIPCIÓN FÍSICA
Extensión 68p.; Anexos.
521 ## - NOTA DE PÚBLICO DESTINATARIO
Nota de público destinatario Tesis para optar al Grado de Licenciado en Trabajo Social.
650 ## - PUNTO DE ACCESO ADICIONAL DE MATERIA--TÉRMINO DE MATERIA
Término de materia o nombre geográfico como elemento inicial Sobrecarga de trabajo
9 (RLIN) 35551
650 ## - PUNTO DE ACCESO ADICIONAL DE MATERIA--TÉRMINO DE MATERIA
Término de materia o nombre geográfico como elemento inicial Condiciones de trabajo
9 (RLIN) 3288
650 ## - PUNTO DE ACCESO ADICIONAL DE MATERIA--TÉRMINO DE MATERIA
Término de materia o nombre geográfico como elemento inicial Profesores
653 ## - TÉRMINO DE INDIZACIÓN--NO CONTROLADO
Término no controlado Tesis
-- Trabajo social
700 ## - PUNTO DE ACCESO ADICIONAL--NOMBRE DE PERSONA
Nombre de persona Palma Fuentes, Mabel
Forma completa/desarrollada del nombre Profesora guía
9 (RLIN) 23726
942 ## - ELEMENTOS DE PUNTO DE ACCESO ADICIONAL (KOHA)
Fuente del sistema de clasificación o colocación
Tipo de ítem Koha memoria o tesis
Existencias
Estado de retiro Estado de pérdida Fuente del sistema de clasificación o colocación Estado dañado No para préstamo Código de colección Localización permanente Ubicación/localización actual Fecha de adquisición Fuente de adquisición Total de préstamos Signatura topográfica completa Código de barras Fecha visto por última vez Precio válido a partir de Tipo de ítem Koha
          Colección General Biblioteca Central Biblioteca Central 17/03/2026 donación   TES SAN 2026 c.1 00025536 17/03/2026 17/03/2026 memoria o tesis
Derechos Reservados © 2011 Universidad Miguel de Cervantes. Mac Iver 370. Santiago Centro, C.P. 8320170. Chile. / Teléfono: +56 (2) 2 927 34 00